El derecho contra el capital : reflexiones desde la izquierda contemporánea /
Frente a la consideración de que el Estado es un instrumento de dominación y legitimación del poder capitalista los autores analizan tópicos como liberalismo, democracia, democratización, Estado de derecho, derecho, lucha política para mostrar que el Estado contemporáneo puede también crear condicio...
I tiakina i:
| Kaituhi matua: | |
|---|---|
| Ētahi atu kaituhi: | |
| Hōputu: | Pukapuka |
| Reo: | Pāniora |
| I whakaputaina: |
México :
Contraste,
2016, c2016
|
| Ngā marau: | |
| Urunga tuihono: | Ver documento en línea |
| Ngā Tūtohu: |
Kāore He Tūtohu, Me noho koe te mea tuatahi ki te tūtohu i tēnei pūkete!
|
MARC
| LEADER | 00000nam^a2200000^a^4500 | ||
|---|---|---|---|
| 001 | 000446521 | ||
| 005 | 20251023000000.0 | ||
| 009 | 20260310123608.979 | ||
| 022 | |a 9786079612085 | ||
| 037 | |a Acervo ITESO - Biblioteca | ||
| 041 | |a ESP | ||
| 082 | |a 320. 905 |b AMB | ||
| 100 | |a Ambriz Arévalo, Gerardo |e (coordinación) | ||
| 245 | 1 | 3 | |a El derecho contra el capital : |b reflexiones desde la izquierda contemporánea / |c Coord. de G. Ambriz Arévalo, R. Bernal Lugo. |
| 264 | 4 | |a México : |b Contraste, |c 2016, c2016 | |
| 264 | 2 | |a Cartagena, España : |b Odilo [distribución], |c 2022 | |
| 300 | |a 1 libro electrónico en línea (256 p.) | ||
| 300 | |a 1 recurso en línea | ||
| 336 | |a datos para computadora |b cod |2 rdacontenido | ||
| 337 | |a computadora |b c |2 rdamedio | ||
| 338 | |a recurso en línea |b cr |2 rdasoporte | ||
| 506 | 1 | |a 1 licencia | |
| 520 | |a Frente a la consideración de que el Estado es un instrumento de dominación y legitimación del poder capitalista los autores analizan tópicos como liberalismo, democracia, democratización, Estado de derecho, derecho, lucha política para mostrar que el Estado contemporáneo puede también crear condiciones para garantizar los derechos sociales de sus ciudadanos y no solo conducirse bajo una concepción liberalista. | ||
| 521 | |a Odilo 2022 EEnlace Departamento de Estudios Sociopolíticos y Jurídicos | ||
| 649 | |a XX | ||
| 650 | |a Estado de Derecho | ||
| 650 | |a Liberalismo | ||
| 650 | |a Democracia | ||
| 650 | |a Marxismo - |x Historia y Crítica | ||
| 650 | |a Democratización | ||
| 650 | |a Lucha Política | ||
| 650 | |a Derecho y Política - |x Tema Principal | ||
| 650 | |a Estado, El - |x Tema Principal | ||
| 700 | |a Bernal Lugo, Ricardo |e (coordinación) | ||
| 856 | 4 | 0 | |u https://iteso-odilotk-es.ezproxy.iteso.mx/info/02501143 |y Ver documento en línea |
| 910 | |a Fondo General | ||
| 920 | |a Electrónicos - Libros en Línea | ||
| 930 | |a Plataforma Digital | ||
| 905 | |a 205 | ||
| 901 | |a 446521-1 |b IT2 |c EBO |i C178725 |u 20250521 | ||
| 902 | |a https://opac.biblio.iteso.mx/vufind/Record/000446521 | ||